000 00685nam a2200277Ia 4500
005 20260324115734.0
008 008 260324s9999 xx 000 0 eng d
020 _a9781315371726
037 _aEBOOK
040 _aCRL
040 _beng
040 _cCRL
041 _2eng
041 _aeng
084 _qCRL
100 _aHarry Yang
_91042042
245 0 _aEmerging Non-Clinical Biostatistics in Biopharmaceutical Development and Manufacturing
260 _bTaylor and Francis
260 _c2016
365 _a
365 _b225
856 _uhttp://www.taylorfrancis.com/books/9781315371726
942 _cEBOOK
999 _c1746915
_d1746915